00641 a2200145 4500003000500000005001700005040000900022082001500031100002400046245005500070260003100125300001100156505031400167650001400481Nust20230228120546.0 cNust a301.44,SOR aSorokin, Pitirim A. aSocial and cultural mobility /cPitirim A. Sorokin aNew YorkbFree Pressc1959 a645 p. aThe Fluctuation of Social Stratification (Page-23), Social Mobility, its forms and Fluctuation (Page-133), Population of Different Social Strata (Page-215), Fundamental Causes of Stratification and Vertical Mobility (Page-337), Present Day Mobile Society (Page-381), The Results of Social Mobility (Page-493). aSociology